Paroles, On s'envoie en l'air - Supernova (Drag Race France All Stars) - Statistiques

Statistiques générales
  • Ce quiz a été pris 57 fois
    52 depuis la dernière actualisation
  • Le résultat moyen est 175 sur 255
Statistiques - réponses
Réponse % Correct
le
96%
en
93%
En
93%
de
89%
la
89%
89%
La
89%
les
89%
On
89%
pas
89%
se
89%
ce
85%
dans
85%
Dans
85%
coeur
81%
fait
81%
l'air
81%
pierre
81%
s'envoie
81%
sur
81%
2
78%
ça
78%
c'est
78%
C'est
78%
Je
78%
je
78%
reine
78%
Reine
78%
T'as
78%
bécasses
74%
came
74%
des
74%
deux
74%
est
74%
Kam
74%
quoi
74%
tu
74%
Yo
74%
Bordeaux
70%
coeurs
70%
connais
70%
et
70%
Et
70%
for
70%
In
70%
Parisiennes
70%
que
70%
veritas
70%
action
67%
ai
67%
Caméra
67%
faites
67%
place
67%
te
67%
attention
63%
au
63%
du
63%
Du
63%
Keiona
63%
l'arène
63%
médias
63%
préfères
63%
ready
63%
vino
63%
androgyne
59%
brûler
59%
copie
59%
Défilé
59%
féminine
59%
force
59%
Masculine
59%
moi
59%
mon
59%
profondeur
59%
Regarde
59%
rose
59%
seule
59%
t'es
59%
vais
59%
besoin
56%
chic
56%
déjà
56%
dit
56%
Doll
56%
enchantée
56%
j'en
56%
mug
56%
PICHE
56%
pigeon
56%
plutôt
56%
Si
56%
dépose
52%
feux
52%
jeu
52%
j'me
52%
narrateur
52%
qui
52%
saison
52%
temps
52%
flamant
48%
j'veux
48%
voix
48%
l'as
44%
m'présenter
44%
Olympiques
44%
pont
44%
Punaniconique
44%
un
44%
cette
41%
historique
41%
pluie
41%
sous
41%
Sous
41%
2.0
37%
bas
37%
file
37%
haut
37%
Jeux
37%
m'regardes
37%
reines
37%
aux
33%
c'qui
33%
défie
33%
d'être
33%
envie
33%
sommets
33%
sympa
33%
frips
30%
Plus
30%
suis
30%
victoire
30%
cartes
26%
corsetée
26%
l'avaler
26%
serai
22%
valet
22%
d'apparats
19%
Mes
19%
Parée
19%
toi
19%
atouts
15%
glace
15%
piquent
11%
ton
11%
Aucun quiz correspondant
Distribution des résultats
% des personnes avec chaque résultat
Percentile par nombre de réponses
Votre historique - résultats
Vous n’avez pas pris ce quiz depuis la dernière actualisation